000 01059cam a2200301 a 4500
001 data
005 20260322212108.0
008 data
035 _a20850896
906 _a7
_bcbc
_corigres
_d2
_encip
_f20
_gy-gencatlg needs rda
925 0 _aacquire
_b1 shelf copy
_xpolicy default
955 _fre12 2019-04-24 copy 2 to discard
010 _a 2018420475
020 _a9781536138832
020 _z9781536138849
_qebook
040 _aDLC
_cDLC
_dDLC
042 _apcc
050 0 0 _aJC571
_b.H769613 2018
245 0 0 _aHuman rights in a changing world :
_bresearch and applied approaches/
_cArtemis Z. Giotsa, editor.
260 _aNew York :
_bNOVA Science Publishers,
_c[2018]
300 _axv, 315 pages :
_billustrations ;
_c23 cm.
336 _atext
_btxt
_2rdacontent
337 _aunmediated
_bn
_2rdamedia
490 0 _aHuman rights contemporary issues and perspectives.
504 _aIncludes bibliographical references and index.
650 0 _aHuman rights.
650 7 _aHuman rights
999 _c1602
_d1602